000 00735nam a2200217 a 4500
001 19391
003 CO-ViMGA
008 141112s2004 ck r 000 u spa d
020 _a968186588X
040 _aCO-ViMGA
_bspa
_cCO-ViMGA
082 0 4 _a372.35 V152g
100 1 _aVanCleave, Janice
_927897
245 1 0 _aGuía de los mejores proyectos para la feria de ciencias :
_btips para que exhibas mejor tu proyecto
260 _aMexico :
_bEd. Limusa; 2002
300 _a166 p.
490 _aBiblioteca cientifica para niños y jovenes
590 _aForma de adquisición : Premio Mincultura
650 1 4 _aCIENCIAS - PROYECTOS ESCOLARES
_927898
650 1 4 _aEXPERIMENTOS CIENTIFICOS - ENSEÑANZA ELEMENTAL
_927899
942 _2ddc
_cBK
999 _c28540
_d28540